| 000 | 01012nam a2200241 a 4500 | ||
|---|---|---|---|
| 001 | 000856493 | ||
| 003 | AM-YeHGA | ||
| 005 | 20250617145032.0 | ||
| 008 | 120202s ||| r 000 0 rus d | ||
| 020 | _a5201110851 | ||
| 040 | _aAM-YeHGA | ||
| 041 | 0 | _arus | |
| 245 | 0 | 0 |
_aИскопаемые цветковые растения России и сопредельных государств : _bLeitneriaceae-Juglandaceae / _cРАН, Ботанич. ин-т им. В. Л. Комарова; Под ред. Л. Ю. Буданцева. |
| 246 | 1 | 5 | _aMagnoliophyta Fossilia Rossiae et civatatum Finitimarum |
| 260 |
_aСанкт-Петербург : _bБ. и. |
||
| 300 | _aт. | ||
| 505 | 1 | 0 |
_gТ. 3 ( 1994, 118 с. : ил.) _tLeitneriaceae - Juglandaceae |
| 653 | 0 | _aБотаника | |
| 653 | 0 | _aЦветковые растения | |
| 700 | 1 |
_aБуданцев, Л.Ю. _eред. _4edt |
|
| 710 | 2 | _aБотанический инcтитут им. В.Л. Комарова РАН | |
| 090 | _c306720 | ||
| 999 |
_c305013 _d305013 |
||